000 00704nam a2200229 i 4500
001 105671
003 ES-MaACL
005 20230906183938.0
007 t|
008 060803s1961 ag ||||1| spa d
080 _a94(729.1)"1959"
100 1 _aFrank, Waldo.
_952316
245 1 0 _aCuba, isla profética /
_cWaldo Frank ; traducción de Luis Echávarri.
260 _aBuenos Aires :
_bLosada,
_c1961.
300 _a181 p. ;
_c21 cm.
490 1 _aCristal del tiempo
651 4 _aCuba-
_xHistoria-
_y1959, Revolución.
_9155016
700 1 _aEchávarri, Luis.
_946507
830 0 _aCristal del tiempo
_9185072
852 _aES-MaACL
_jAND-487
_z. - Biblioteca Juan Andrade
999 _c105671
_d105671